000 00912nam a2200265 a 4500
001 1282
003 BR-CuiBMT
005 20231207222939.0
008 231204s2014 dtb 000 0 por d
020 _a9788582960080
040 _aBR-CuiBMT
_cBR-CuiBMT
080 _22007
_a342.56
090 _a342.56
_bC824d
100 1 _aCorrêa, Priscilla Pereira Costa
245 1 0 _aDireito e desenvolvimento :
_baspectos relevantes do judiciário brasileiro sob a ótica econômica /
_cPriscilla Pereira Costa Corrêa.
260 _aBrasília :
_bConselho da Justiça Federal,
_bCentro de Estudos Judiciários,
_c2014.
300 _a159 p. ;
_c21 cm
490 1 _aSérie monografias do CEJ ;
_vv. 18
504 _aInclui bibliografia.
650 _aPoder judiciário
650 _aOrganização judiciária
650 _aDesenvolvimento econômico
830 0 _aSérie monografias do CEJ ;
_v18
942 _2udc
_cLV
999 _c1282
_d1282